000 00629nam a2200181 i 4500
001 84412
003 ES-MaACL
005 20230906175018.0
007 t|
008 041122s1961 zzz ||||1| fre d
100 1 _aJammes, Robert.
_965989
245 1 0 _aNotes sur La fábula de Piramo y Tisbe de Góngora /
_cRobert Jammes.
260 _a[S.l. :
_bs.n.],
_c1961.
300 _a47 p. ;
_c23 cm.
500 _aSeparata de: Bulletin de la société des langues néo-latines , n° 156, janvier 1961, p. 1-47.
600 0 4 _aGóngora y Argote, Luis de-
_xCrítica e interpretación.
_958248
852 _aES-MaACL
_j2023-F-13
_bR.48432
999 _c84412
_d84412